مراٹھی کے تین نامور شعراء : (Record no. 195711)

MARC details
000 -LEADER
fixed length control field 00794nam a22001937a 4500
005 - DATE AND TIME OF LATEST TRANSACTION
control field 20230418162609.0
010 ## - LCCN (DPL NO)
LC control number UR-11942
020 ## - INTERNATIONAL STANDARD BOOK NUMBER
International Standard Book Number 9781327556630
Terms of availability 350.00
035 ## - SYSTEM CONTROL NUMBER
System control number U-10497
037 ## - SOURCE OF ACQUISITION
Source of stock number/acquisition DBAD/PUB
082 ## - DEWEY DECIMAL CLASSIFICATION NUMBER
Classification number 921
100 ## - MAIN ENTRY--PERSONAL NAME
Personal name اسلم مرزا
245 ## - TITLE STATEMENT
Title مراٹھی کے تین نامور شعراء :
Remainder of title کوسم گرج ، وندا کرند یگر ، مکآیش پاڈ گاو نکر /
Statement of responsibility, etc اسلم مرزا
246 ## - VARYING FORM OF TITLE
Title proper/short title Three prominent marathi poets (kusumagaraj, vinda karandikar, mangesh padgaonkar) /
Remainder of title by Aslam Mirza
260 ## - PUBLICATION, DISTRIBUTION, ETC. (IMPRINT)
Place of publication, distribution, etc Aurangabad
Name of publisher, distributor, etc Mirza Abdul Qaum Nadvi
Date of publication, distribution, etc 2022 ء
270 ## - ADDRESS
Address Mirza world book house, Dargah Hz., Nizamuddin Auliya, Qaiser Colny
City Aurangabad
Postal code 431001
300 ## - PHYSICAL DESCRIPTION
Extent 197 ص
Dimensions 21cm(pbk)
942 ## - ADDED ENTRY ELEMENTS (KOHA)
Source of classification or shelving scheme Dewey Decimal Classification
Item type Urdu Bks
Classification part 921
Call number suffix ا س ل
Holdings
Withdrawn status Lost status Not for loan Collection code Home library Current library Date acquired Source of acquisition Cost, normal purchase price Full call number Barcode Copy number Cost, replacement price Koha item type
      Non-fiction Sarojini Nagar Sarojini Nagar 18/04/2023 DBAD/PUB 350.00 921 ا س ل U-10497 1 350.00 Urdu Bks

© Delhi Public Library
Hit Counter
free hit counter